000 00417nam a2200145Ia 4500
008 151021s9999 xx 000 0 und d
020 _a9.7807369171e+012
050 _aBV 4529 .F38 2006
245 _a_The 10 Best Decisions Every Parent Can Make / Bill Farrel
260 _aU S A Harvest House 2006
300 _a221 p.
650 _a_Parenting
700 _a_Pam Farrel
980 _a^d20110308 04:55:18^okorir
999 _c6801
_d6801